• 首页
  • 本馆介绍
  • 公告通知
  • 最新文献
  • 馆藏检索
  • 电子资源
  • 读者荐购
  • 参考咨询
  • CALIS
  • 我的图书馆
  • 登录
  • 详细信息显示
  • 放入我的书架
  • 预约/预借图书
  • 作者相关作品
  • 分类相关作品
  • 丛书相关作品
  • 出版社相关作品

书目信息

  • 表格格式
  • 工作单格式
  • 卡片格式
题名:
国家公务员录用考试综合知识考试教程及全真模拟
    
 
作者: 公务员考试题研究小组 编写
分册:  
出版信息: 北京   中国物价出版社  1998.03
页数: 278页
开本: 16开
丛书名:
单 册:
中图分类: D630.3
科图分类:
主题词: 政治--中国
电子资源:
ISBN: 7-80070-819-5
 
 
 
 
 
000 00701nam0 2200193 45
001 0008070905
005 20000807090303.0
010    @a7-80070-819-5@d33.00元
100    @a20000807d1998 km y0chiy0120 ea
101 0  @achi
105    @a z 000yy
200 1  @a国家公务员录用考试综合知识考试教程及全真模拟@AGuo Jia Gong Wu Yuan Lu Yong Kao Shi Zong He Zhi Shi Kao Shi Jiao Cheng Ji Quan Zhen Mo Ni@f公务员考试题研究小组编写@FGong Wu Yuan Kao Shi Ti Yan Jiu Xiao Zu Bian Xie
210    @a北京@c中国物价出版社@d1998.03
215    @a278页@d16开
606 0  @a政治@x中国
690    @aD630.3@v3
701  0 @a公务员考试题研究小组@4编写
801    @aCN@bPftUser@c20000807
905    @b90624-626@dD630.3@eG:927@f3
    
    国家公务员录用考试综合知识考试教程及全真模拟/公务员考试题研究小组编写.-北京:中国物价出版社,1998.03
    278页;16开
    
    
    ISBN 7-80070-819-5:33.00元
    
●
相关链接 在E读中查询图书 在当当中查询图书 在豆瓣中查询图书


正题名:国家公务员录用考试综合知识考试教程及全真     索取号:D630.3/G:927         预约/预借

序号 登录号 条形码 馆藏地/架位号 状态 备注
1 90624   200906243   社科库509/509社科库 73排6列6层/ [索取号:D630.3/G:927] 在馆    
2 90625   200906252   社科库509/ [索取号:D630.3/G:927] 在馆    
3 90626   200906261   社科库509/509社科库 73排6列6层/ [索取号:D630.3/G:927] 在馆    
河南城建学院图书馆 欢迎您!
大连网信软件有限公司© 版权所有